• 首页
  • 本馆介绍
  • 公告通知
  • 最新文献
  • 馆藏检索
  • 电子资源
  • 读者导购
  • 参考咨询
  • 我的图书馆
  • 登录
  • 详细信息显示
  • 放入我的书架
  • 预约/预借图书
  • 作者相关作品
  • 分类相关作品
  • 丛书相关作品
  • 出版社相关作品

书目信息

  • 表格格式
  • 工作单格式
  • 卡片格式
题名:
中国伦理美学史话
    
 
作者: 郑钦镛 , 郑一帆 著
分册:  
出版信息: 福州   福建人民出版社  2006
页数: 473页
开本: 21cm
丛书名:
单 册:
中图分类: B82-054.9
科图分类:
主题词: 伦理美学--美学史--研究--中国 , 美学史 , 伦理美学 , 伦理学
电子资源:
ISBN: 7-211-05301-1
000 01045nam0 2200277 450
001 0963841738
005 20090929174626.35
010    @a7-211-05301-1@dCNY25.00
100    @a20060426d2006 em y0chiy50 ea
101 0  @achi
102    @aCN@b350000
105    @ay z 000yy
106    @ar
200 1  @a中国伦理美学史话@f郑钦镛,郑一帆著@Azhong guo lun li mei xue shi hua
210    @a福州@c福建人民出版社@d2006
215    @a473页@d21cm
330    @a该书以史话的方式,围绕人与人的伦理关系,从审美的高度,按历史发展顺序对从中国先秦以来中国哲学家、思想家及其著作所揭示的伦理美的理想、观念、范畴进行剖析并给予简要的评介,将中国伦理美学发展的脉络进行梳理,对宇宙人生、生命价值、社会发展、伦理观念等进行探究。
606 0  @a伦理美学@x美学史@x研究@y中国
606 0  @a美学史
606 0  @a伦理美学
606 0  @a伦理学
690    @aB82-054.9@v4
701  0 @a郑钦镛@4著@Azheng qin yong
701  0 @a郑一帆@c(女)@4著@Azheng yi fan
801  0 @aCN@b大连网信软件有限公司图书馆·11@c20090929
905    @a10447@dB82-054.9@eJY160
    
    中国伦理美学史话/郑钦镛,郑一帆著.-福州:福建人民出版社,2006
    473页;21cm
    
    
    ISBN 7-211-05301-1:CNY25.00
    该书以史话的方式,围绕人与人的伦理关系,从审美的高度,按历史发展顺序对从中国先秦以来中国哲学家、思想家及其著作所揭示的伦理美的理想、观念、范畴进行剖析并给予简要的评介,将中国伦理美学发展的脉络进行梳理,对宇宙人生、生命价值、社会发展、伦理观念等进行探究。
●
相关链接 在E读中查询图书 在五车中查询图书 在当当中查询图书 在豆瓣中查询图书


正题名:中国伦理美学史话     索取号:B82-054.9/JY160         预约/预借

序号 登录号 条形码 馆藏地/架位号 状态 备注
1 7829734   278297344   学院路分馆/ [索取号:B82-054.9/JY160] 在馆    
2 7829735   278297353   学院路分馆/ [索取号:B82-054.9/JY160] 在馆    
3 7829736   278297362   学院路分馆/ [索取号:B82-054.9/JY160] 在馆    
4 7829737   278297371   学院路分馆/ [索取号:B82-054.9/JY160] 在馆    
唐山师范学院图书馆 欢迎您!
大连网信软件有限公司© 版权所有